000 00487nam a2200169 4500
001 111879
003 ES-MaACL
005 20230906185359.0
007 t|
008 061121s1926 sp r ||||1| spa d
100 1 _aNaval y Ayerve, Francisco.
_985025
245 1 0 _aCurso breve de arqueología y bellas artes /
_cpor el pr.Francisco Naval y Ayerve.
250 _a4ª ed.
260 _aMadrid :
_bIbérica,
_c1926.
300 _a324 p. :
_bil ;
_c17 cm.
852 _aES-MaACL
_jF-13822
999 _c111879
_d111879